000 00858nam a2200277 a 4500
001 54122
003 BD-RjUL
005 20211209080056.0
008 161102r2007 ii a|||| |||| 001 0 eng d
020 _a9788131204528
035 _a(BD-RjUL)54244
040 _aBD-RjUL
_beng
_cBD-RjUL
041 _aeng
082 _223
_a660
_bCOC V-3 2007
100 _aCoulson, J. M.
_9161595
245 _aChemical engineering /
_cJ M Coulson; J F Richardson; D. G. Peacock
250 _a3rd, ed.
260 _aNew Delhi :
_bButterworth Heinemann,
_bElsevier,
_cc2006 [reprinted 2007]
300 _aV.
_bill. ;
_c23 cm.
500 _aIncludes index
505 _aV. 3--chemical & biochemical reactors & process control
650 _a Chemical engineering.
_9144675
700 _a Richardson, J. F
_9161596
700 _aPeacock, D. G.
_9161597
942 _2ddc
_cBK
999 _c54122
_d54122